| 000 | 01832nam a2200505 c 4500 | ||
|---|---|---|---|
| 001 | 8557 | ||
| 003 | ES-MaCES | ||
| 005 | 20250121040008.0 | ||
| 008 | 990318s1998 sp o10| | spa d | ||
| 017 |
_aM 33708-1998 _bDL |
||
| 024 | 7 |
_a207-98-064-9 _2nipo |
|
| 035 | _aCES19990004228m | ||
| 040 |
_aES-MaCES _bspa _cES-MaCES |
||
| 111 | 2 |
_aJornadas sobre Delitos contra la Igualdad _d1998 _cMadrid _9432 |
|
| 245 | 1 | 0 |
_aDelitos contra la igualdad _b: ponencias de las sesiones de trabajo realizadas por el Instituto de la Mujer en el marco del IV Programa de Acción Comunitario, [celebradas en Madrid el 1 y 2 de junio] _c[Jornadas sobre Delitos contra la Igualdad] |
| 260 |
_aMadrid _bInstituto de la Mujer _c1998 |
||
| 300 |
_a177 p. _c29 cm |
||
| 490 | 1 |
_aDebate _v22 |
|
| 541 | _cGratuito | ||
| 650 | 4 |
_amujeres _928657 |
|
| 650 | 4 |
_aderechos de la mujer _927173 |
|
| 650 | 4 |
_adelito _927046 |
|
| 650 | 4 |
_aigualdad de trato _930147 |
|
| 650 | 4 |
_adiscriminación por razones de sexo _929521 |
|
| 650 | 4 |
_amalos tratos _930808 |
|
| 650 | 4 |
_aviolencia _929388 |
|
| 650 | 4 |
_afamilia _927318 |
|
| 650 | 4 |
_aprostitución _927051 |
|
| 650 | 4 |
_aacoso sexual _929555 |
|
| 650 | 4 |
_aEspaña _926964 |
|
| 650 | 4 |
_aItalia _926952 |
|
| 650 | 4 |
_aBélgica _926935 |
|
| 650 | 4 |
_aPortugal _926960 |
|
| 650 | 4 |
_alegislación _927153 |
|
| 650 | 4 |
_ajurisprudencia _928624 |
|
| 650 | 4 |
_aprocedimiento judicial _929889 |
|
| 650 | 4 |
_acomparación _928892 |
|
| 653 | 1 | 0 | _aMujer |
| 710 | 2 |
_aInstituto de la Mujer (España) _94190 |
|
| 730 | 0 |
_aPrograma de Acción Comunitario para la Igualdad de Oportunidades entre Hombres y Mujeres _d1996-2000 _n4º _933156 |
|
| 830 | 0 |
_aDebate (Instituto de la Mujer (España)) _v22 _932789 |
|
| 902 | _aLIB Libro | ||
| 942 |
_2CES _cBK _h3.3. |
||
| 999 |
_c8557 _d8557 |
||